| 000 | 00972nas a2200325 4500 | ||
|---|---|---|---|
| 001 | BR0604631 | ||
| 003 | BR-BrBNA | ||
| 005 | 20231205110435.0 | ||
| 007 | ta | ||
| 008 | 230509b bl.|||p| |||| 00| 00por d | ||
| 040 |
_aBR-BrBNA _bpor _cBiblioteca Nacional de Agricultura |
||
| 041 | _a(Pt) | ||
| 072 | _aF04; F01; F08 | ||
| 100 | 1 | _aOliveira, A.P. de | |
| 100 | 1 | _aSilva, J.E.L. da | |
| 100 | 1 | _aPereira, W.E. | |
| 100 | 1 | _aBarbosa, L.J. das N. | |
| 245 | 1 | _aProdução de batata-doce em função de doses de P2O5 em dois sistemas de cultivo | |
| 650 | _aBATATA DOCE | ||
| 650 | _aIPOMOEA BATATAS | ||
| 650 | _aPRODUÇÃO VEGETAL | ||
| 650 | _aADUBAÇÃO | ||
| 650 | _aFERTILIZANTE FOSFATADO | ||
| 650 | _aRAÍZ | ||
| 650 | _aCOVA | ||
| 650 | _aSISTEMA DE CULTIVO | ||
| 773 | 0 |
_tHorticultura Brasileira (Brazil) _xISSN 0102-0536 _g(Jul-Sep 2005), v. 23(3) p. 768-772 _wBR0604631 |
|
| 909 |
_a202311 _bLúcia _c55 _dLúcia Elande |
||
| 942 |
_2AGRIS _n0 _cANA |
||
| 999 |
_c187400 _d187400 |
||